Rent deposit (Record no. 65656)

MARC details
000 -LEADER
fixed length control field 01399cam a2200229 4500
001 - CONTROL NUMBER
control field WB3701-27
008 - FIXED-LENGTH DATA ELEMENTS--GENERAL INFORMATION
fixed length control field 000000n2000 000 0 eng u
035 ## - SYSTEM CONTROL NUMBER
System control number (Sirsi) u110084
245 ## - TITLE STATEMENT
Title Rent deposit
260 ## - PUBLICATION, DISTRIBUTION, ETC.
Date of publication, distribution, etc. 2000
490 ## - SERIES STATEMENT
Series statement Estates Gazette Case Summaries
Volume/sequential designation [2000] EGCS 149 (16/12/00)
520 ## - SUMMARY, ETC.
Summary, etc. ChD 1 December 2000. "Obaray v Gateway (London) Ltd". Landlord (A) granted a 10-year lease of premises on a trading estate to tenant (B). B provided A with a deposit to be held on the terms of a deed. This provided for the money to be held in a separate account and entitled A to recoup unpaid rent out of the deposit. In March 2000 B was placed into voluntary liquidation. In April 2000 the liquidator (C) disclaimed the lease, at which time arrears of rent amounted to £22,975. A claimed to be entitled to deduct the arrears from the deposit. C demanded the return of all moneys held in the deposit account. The Chancery master ruled in favour of A. C appealed, contending that A was seeking to enforce a void charge and the insolvency set-off rules were not applicable. The judgment was given for A.
650 ## - SUBJECT ADDED ENTRY--TOPICAL TERM
Topical term or geographic name entry element RENT DEPOSIT
650 ## - SUBJECT ADDED ENTRY--TOPICAL TERM
Topical term or geographic name entry element DEEDS
650 ## - SUBJECT ADDED ENTRY--TOPICAL TERM
Topical term or geographic name entry element LEASE
650 ## - SUBJECT ADDED ENTRY--TOPICAL TERM
Topical term or geographic name entry element COMPANIES ACT 1985
650 ## - SUBJECT ADDED ENTRY--TOPICAL TERM
Topical term or geographic name entry element Insolvency
9 (RLIN) 6247
650 ## - SUBJECT ADDED ENTRY--TOPICAL TERM
Topical term or geographic name entry element SET-OFF RIGHTS
650 ## - SUBJECT ADDED ENTRY--TOPICAL TERM
Topical term or geographic name entry element OBARARY V GATEWAY (LONDON) LTD
690 ## - LOCAL SUBJECT ADDED ENTRY--TOPICAL TERM (OCLC, RLIN)
Topical term or geographic name as entry element LANDLORD AND TENANT-CASE LAW
942 ## - ADDED ENTRY ELEMENTS (KOHA)
Suppress in OPAC 0
Holdings
Withdrawn status Lost status Source of classification or shelving scheme Damaged status Not for loan Home library Current library Shelving location Date acquired Total Checkouts Full call number Barcode Date last seen Copy number Price effective from Koha item type
    Dewey Decimal Classification     London London News article 03/01/2001   WB3701-27 110084-1001 06/08/2019 1 06/08/2019 Law report